The Court of Appeal Criminal Appeal No. 25 of 1997 Christopher Byagonza Vs Uganda . (Record no. 2985)

MARC details
000 -LEADER
fixed length control field 00666nam a22001217a 4500
008 - FIXED-LENGTH DATA ELEMENTS--GENERAL INFORMATION
fixed length control field 110615t xxu||||| |||| 00| 0 eng d
010 ## - LIBRARY OF CONGRESS CONTROL NUMBER
LC control number CACAF41
245 ## - TITLE STATEMENT
Title The Court of Appeal Criminal Appeal No. 25 of 1997 Christopher Byagonza Vs Uganda .
260 ## - PUBLICATION, DISTRIBUTION, ETC. (IMPRINT)
Date of publication, distribution, etc 1997
500 ## - GENERAL NOTE
General note Coram: Hon. Mr. Justice C.M. Kato, J.A.<br/> Hon. Lady Justice A.E. Mpagi-Bahigeine, J.A. &<br/> Hon. Mr. Justice J.P. Berko, J.A.
500 ## - GENERAL NOTE
General note Appeal against conviction and sentence of the High Court decision held at Kampala (Lady Justice M. Kireju) dated 28th January, 1994
Holdings
Withdrawn status Lost status Source of classification or shelving scheme Damaged status Koha normalized classification for sorting Not for loan Location (home branch) Sublocation or collection (holding branch) Shelving location Date acquired Koha issues (times borrowed) Koha full call number Piece designation (barcode) Koha date last seen Price effective from Koha item type
    Dewey Decimal Classification   CACAF_41   Law Development Centre Main Library Law Development Centre Main Library Archives 06/15/2011   CACAF41 25/1997/1 06/15/2011 06/15/2011 Un Reported Cases